[Event "ESP-ch U10 Rapid"]
[Site "Salobrena"]
[Date "2022.07.10"]
[Round "5"]
[White "Garcia Olivar, Laura"]
[Black "Calvo Miguez, Sergio"]
[Result "0-1"]
[WhiteElo "1175"]
[BlackElo "1192"]
[PlyCount "36"]
[EventDate "2022.07.09"]
[EventType "swiss (rapid)"]
[EventRounds "9"]
[EventCountry "ESP"]
[SourceTitle "EXT 2023"]
[Source "ChessBase"]
[SourceDate "2022.10.05"]
[SourceVersion "1"]
[SourceVersionDate "2022.10.05"]
[SourceQuality "1"]

1. c4 c5 2. Nc3 Nc6 3. Nf3 g6 4. g3 Bg7 5. Bg2 Nf6 6. e4 d6 7. 0-0 0-0 8. Rb1 h6 9. a3 a5 10. d3 Be6 11. Qb3 Rb8 12. Bf4 Qd7 13. Nd5 Bxd5 14. exd5 Nd4 15. Nxd4 cxd4 16. Rfe1 b5 17. Rbd1 bxc4 18. dxc4 Rxb3 0-1

[Event "ESP-ch U10"]
[Site "Salobrena"]
[Date "2022.07.09"]
[Round "9"]
[White "Ania Chueca, Mario"]
[Black "Calvo Miguez, Sergio"]
[Result "1-0"]
[WhiteElo "1230"]
[BlackElo "1192"]
[PlyCount "149"]
[EventDate "2022.07.04"]
[EventType "swiss"]
[EventRounds "9"]
[EventCountry "ESP"]
[SourceTitle "EXT 2023"]
[Source "ChessBase"]
[SourceDate "2022.10.05"]
[SourceVersion "1"]
[SourceVersionDate "2022.10.05"]
[SourceQuality "1"]

1. e4 c5 2. c3 d5 3. exd5 Qxd5 4. d4 cxd4 5. cxd4 g6 6. Nf3 Bg7 7. Nc3 Qd8 8. Bc4 Nf6 9. Bf4 0-0 10. 0-0 a6 11. Qe2 b5 12. Bb3 Bb7 13. Rad1 e6 14. Qd3 Qe7 15. d5 Nxd5 16. Nxd5 exd5 17. Bxd5 Nc6 18. Bxc6 Bxc6 19. Bd6 Qb7 20. Bxf8 Rxf8 21. b3 b4 22. Nh4 Bb5 23. Qd5 Qxd5 24. Rxd5 Bxf1 25. Kxf1 Re8 26. Ra5 Bc3 27. Nf3 Re6 28. g3 Rf6 29. Kg2 h6 30. Ne5 Rf5 31. Nc4 Rxa5 32. Nxa5 Kf8 33. Nc6 Ke8 34. Nb8 Be5 35. Nxa6 Bd6 36. Kf3 Kd7 37. Ke4 Kc6 38. Kd4 Kb6 39. Kd5 Bf8 40. Nb8 Kb5 41. Nc6 Bc5 42. f3 f5 43. h3 g5 44. Nd4+ Kb6 45. Nxf5 h5 46. Ng7 h4 47. g4 Be3 48. Ne6 Kb5 49. Nd4+ Kb6 50. Kc4 Bd2 51. Ne6 Kc6 52. Nc5 Kb6 53. Ne4 Be3 54. Kxb4 Kc6 55. a4 Kd5 56. Nc3+ Ke5 57. Ne2 Kd5 58. Kb5 Bf2 59. a5 Be3 60. b4 Ba7 61. f4 gxf4 62. Nxf4+ Ke4 63. Ng6 Bf2 64. Kc6 Kd4 65. b5 Kc4 66. b6 Kb4 67. b7 Ba7 68. Nxh4 Kxa5 69. g5 Bb8 70. g6 Bg3 71. g7 Bxh4 72. b8Q Ka4 73. g8Q Be7 74. Qa2+ Ba3 75. Qb5# 1-0

[Event "ESP-ch U10 Rapid"]
[Site "Salobrena"]
[Date "2022.07.09"]
[Round "4"]
[White "Calvo Miguez, Sergio"]
[Black "Ania Chueca, Mario"]
[Result "0-1"]
[WhiteElo "1192"]
[BlackElo "1230"]
[PlyCount "78"]
[EventDate "2022.07.09"]
[EventType "swiss (rapid)"]
[EventRounds "9"]
[EventCountry "ESP"]
[SourceTitle "EXT 2023"]
[Source "ChessBase"]
[SourceDate "2022.10.05"]
[SourceVersion "1"]
[SourceVersionDate "2022.10.05"]
[SourceQuality "1"]

1. e4 e6 2. d4 d5 3. exd5 exd5 4. Nf3 Bd6 5. Bd3 Ne7 6. Nc3 c6 7. 0-0 Bf5 8. Re1 Bxd3 9. Qxd3 0-0 10. Ng5 Ng6 11. Nf3 Nd7 12. Bg5 f6 13. Bd2 Nb6 14. b3 Qc7 15. Re2 Bf4 16. Qf5 Bxd2 17. Nxd2 Qd7 18. Qxd7 Nxd7 19. Rae1 Kf7 20. g3 Rfe8 21. f4 Re7 22. f5 Rxe2 23. Rxe2 Ne7 24. g4 Re8 25. Kf2 g6 26. fxg6+ hxg6 27. h4 f5 28. g5 Nc8 29. Rxe8 Kxe8 30. Ne2 Nd6 31. Nf4 Kf7 32. Ke3 Nf8 33. Nf3 Nd7 34. Ne5+ Nxe5 35. dxe5 Ne4 36. e6+ Ke7 37. Nxg6+ Kxe6 38. Nf4+ Kf7 39. Kd4 Nd2 0-1

[Event "ESP-ch U10 Rapid"]
[Site "Salobrena"]
[Date "2022.07.09"]
[Round "2"]
[White "Calvo Miguez, Sergio"]
[Black "Ferre Obrados, Climent"]
[Result "1-0"]
[WhiteElo "1192"]
[BlackElo "1169"]
[PlyCount "155"]
[EventDate "2022.07.09"]
[EventType "swiss (rapid)"]
[EventRounds "9"]
[EventCountry "ESP"]
[SourceTitle "EXT 2023"]
[Source "ChessBase"]
[SourceDate "2022.10.05"]
[SourceVersion "1"]
[SourceVersionDate "2022.10.05"]
[SourceQuality "1"]

1. e4 c5 2. Nf3 g6 3. c3 Bg7 4. d4 cxd4 5. cxd4 d5 6. e5 Nc6 7. Bb5 e6 8. Qc2 Nge7 9. Bg5 0-0 10. Bxc6 bxc6 11. 0-0 Bd7 12. Nc3 Re8 13. Na4 Qc8 14. Nc5 Nf5 15. Bf6 Rb8 16. b3 Qc7 17. Na6 Qb6 18. Nxb8 Rxb8 19. Bxg7 Kxg7 20. Rad1 Qa5 21. g4 Ne7 22. Qc5 Qxc5 23. dxc5 f6 24. Rfe1 Rf8 25. b4 Ng8 26. h4 Nh6 27. Rd4 fxe5 28. Nxe5 Be8 29. Re3 Nf7 30. Nxf7 Rxf7 31. Rxe6 Bd7 32. Re3 Kf8 33. Ra3 Be6 34. Kg2 Rb7 35. Ra6 Bd7 36. Kg3 Ke7 37. f4 Kf6 38. a4 h5 39. b5 Rc7 40. bxc6 Rxc6 41. Rxc6+ Bxc6 42. a5 hxg4 43. Kxg4 Bd7+ 44. Kf3 Bc6 45. Ke3 Kf5 46. Kf3 Kf6 47. Kg3 Kf5 48. Rb4 Ke6 49. Kg4 Kf6 50. h5 gxh5+ 51. Kxh5 Kf5 52. Kh4 Kf6 53. Kg4 Bd7+ 54. Kg3 Bc6 55. Rb8 Ke6 56. Rh8 d4 57. Rh6+ Kd5 58. Rh8 Ke4 59. Kf2 Kxf4 60. Rc8 Bb7 61. Rc7 Bd5 62. c6 d3 63. Rxa7 Bxc6 64. Rc7 Be4 65. Rd7 Ke5 66. a6 Ke6 67. Rd8 Ke7 68. Rd4 d2 69. Rxe4+ Kd6 70. Rd4+ Kc6 71. Rxd2 Kb6 72. Rb2+ Kxa6 73. Ke3 Ka5 74. Kd4 Ka6 75. Kc5 Ka7 76. Kc6 Ka8 77. Kc7 Ka7 78. Ra2# 1-0

[Event "ESP-ch U10"]
[Site "Salobrena"]
[Date "2022.07.06"]
[Round "4"]
[White "Calvo Miguez, Sergio"]
[Black "Roche Fraile, Carlos"]
[Result "0-1"]
[WhiteElo "1192"]
[BlackElo "1398"]
[PlyCount "116"]
[EventDate "2022.07.04"]
[EventType "swiss"]
[EventRounds "9"]
[EventCountry "ESP"]
[SourceTitle "EXT 2023"]
[Source "ChessBase"]
[SourceDate "2022.10.05"]
[SourceVersion "1"]
[SourceVersionDate "2022.10.05"]
[SourceQuality "1"]

1. e4 e5 2. Nf3 Nf6 3. Nxe5 d6 4. Nf3 Nxe4 5. d3 Nf6 6. d4 d5 7. Bd3 Bd6 8. 0-0 0-0 9. Bg5 Bg4 10. Nbd2 Nc6 11. c3 Re8 12. Qc2 h6 13. Bh4 Be7 14. Rfe1 Nd7 15. Bxe7 Rxe7 16. Rxe7 Qxe7 17. Re1 Be6 18. Bf5 Re8 19. Bxe6 fxe6 20. Ne5 Ndxe5 21. dxe5 Qc5 22. b4 Nxb4 23. Qg6 Rf8 24. Qxe6+ Kh8 25. Nf3 Qxc3 26. Qg6 Rxf3 27. Qe8+ Kh7 28. Rf1 Rf5 29. e6 Re5 30. Qf7 Qc6 31. f4 Rxe6 32. g4 Rf6 33. Qh5 Qc5+ 34. Kh1 Qc4 35. Rf2 Qe4+ 36. Rg2 Rxf4 37. h3 Rf2 38. Qf5+ Rxf5 39. gxf5 Nxa2 40. Kh2 Qxg2+ 41. Kxg2 c5 42. Kf2 c4 43. Ke2 d4 44. Kd2 b5 45. Kc2 d3+ 46. Kd2 b4 47. f6 gxf6 48. h4 b3 49. h5 c3+ 50. Kxd3 c2 51. Ke4 c1Q 52. Kf5 Qg5+ 53. Ke6 Qe5+ 54. Kf7 f5 55. Kf8 f4 56. Kf7 f3 57. Kf8 f2 58. Kf7 f1R# 0-1

[Event "Galicia-ch U14"]
[Site "Padron"]
[Date "2022.03.01"]
[Round "8"]
[White "Calvo Miguez, Sergio"]
[Black "Costas Senlle, Noa"]
[Result "0-1"]
[WhiteElo "1159"]
[BlackElo "1281"]
[PlyCount "88"]
[EventDate "2022.02.26"]
[EventType "swiss"]
[EventRounds "8"]
[EventCountry "ESP"]
[SourceTitle "EXT 2023"]
[Source "ChessBase"]
[SourceDate "2022.10.05"]
[SourceVersion "1"]
[SourceVersionDate "2022.10.05"]
[SourceQuality "1"]

1. e4 c5 2. Nf3 d6 3. Nc3 Nf6 4. d3 g6 5. Be2 Bg7 6. Bf4 0-0 7. Qd2 Nc6 8. Bh6 Be6 9. Bxg7 Kxg7 10. d4 cxd4 11. Nxd4 Nxd4 12. Qxd4 a6 13. 0-0 Rc8 14. Rad1 b5 15. Rd2 Kg8 16. Rfd1 Qa5 17. a3 Bc4 18. Bxc4 Rxc4 19. Qe3 b4 20. Nd5 Nxd5 21. Rxd5 Qc7 22. axb4 Rxb4 23. c3 Rxb2 24. R5d2 Rb3 25. Rc1 Rc8 26. Rdc2 a5 27. Kf1 a4 28. Ke2 a3 29. Kd2 Ra8 30. Ra2 Qb7 31. Rcc2 Rb8 32. f3 Rb2 33. Qd3 Qb3 34. Rcxb2 axb2 35. Qb1 Qxa2 36. Qxa2 b1Q 37. Qa7 Rb2+ 38. Ke3 Qg1+ 39. Kf4 Qxa7 40. c4 e5+ 41. Kg3 Qf2+ 42. Kh3 Qxg2+ 43. Kh4 Qxh2+ 44. Kg5 Qf4# 0-1